Operations research : (Record no. 24338)

MARC details
000 -LEADER
fixed length control field 00475nam a22001697a 4500
020 ## - INTERNATIONAL STANDARD BOOK NUMBER
ISBN 9780230636590
041 ## - LANGUAGE CODE
Language code of text/sound track or separate title English
082 ## - DEWEY DECIMAL CLASSIFICATION NUMBER
Classification number 658.4034
Item number SHA
100 ## - MAIN ENTRY--AUTHOR NAME
Author name Sharma, J. K.
245 ## - TITLE STATEMENT
Title Operations research :
Sub Title problems and solutions /
Statement of responsibility, etc J. K. Sharma.
250 ## - EDITION STATEMENT
Edition statement 3rd ed.
260 ## - PUBLICATION, DISTRIBUTION, ETC. (IMPRINT)
Place of publication New Delhi :
Name of publisher Macmillan Publishers ,
Year of publication 2009.
300 ## - PHYSICAL DESCRIPTION
Number of Pages 894 pages ;
Dimensions 28 cm.
650 ## - SUBJECT ADDED ENTRY--TOPICAL TERM
Subject Operations research
General subdivision Problems, exercises,
942 ## - ADDED ENTRY ELEMENTS (KOHA)
Source of classification or shelving scheme Dewey Decimal Classification
Koha item type Books
Holdings
Withdrawn status Lost status Source of classification or shelving scheme Damaged status Not for loan Home library Current library Shelving location Date acquired Source of acquisition Cost, normal purchase price Full call number Accession Number Price effective from Koha item type
    Dewey Decimal Classification     Institute of Public Enterprise, Library Institute of Public Enterprise, Library S Campus 05/04/2026 Gifted by S. Sathish Kumar 425.00 658.4034 SHA 51056 05/04/2026 Books

Maintained and Designed by
2cqr automation private limited, Chennai. All Rights Reserved.

You are Visitor Number

PHP Hits Count